000
00442nam a2200133Ia 4500
008
100328s9999 xx 000 0 und d
082
_b
53008
100
_a
आपटे ह.ना.
245
_a
केवळ स्वराज्यासाठी
260
_b
आर्यभूषण
630
_a
केवळ स्वराज्यासाठी
730
_a
केवळ स्वराज्यासाठी
942
_c
BOOK
999
_c
539854
_d
539851